[Event "Zhukovsky op 04"]
[Site "Zhukovsky"]
[Date "2014.??.??"]
[Round "3"]
[White "Batalov, Anatoliy"]
[Black "Orekhovsky, Viktor"]
[Result "0-1"]
[WhiteElo "1298"]
[BlackElo "2054"]
[PlyCount "76"]
[EventDate "2014.04.??"]
[EventType "swiss"]
[EventRounds "9"]
[EventCountry "RUS"]
[SourceTitle "EXT 2016"]
[Source "ChessBase"]
[SourceDate "2015.10.08"]
[SourceVersion "1"]
[SourceVersionDate "2015.10.08"]
[SourceQuality "1"]

1. c4 e5 2. Nc3 Nf6 3. e3 Be7 4. d4 d6 5. Nf3 Nbd7 6. Be2 0-0 7. 0-0 b6 8. d5 h6 9. e4 Nh7 10. Be3 Bg5 11. Nxg5 Nxg5 12. Bxg5 Qxg5 13. Bg4 a6 14. h3 Nf6 15. Bxc8 Raxc8 16. Qc1 Qg6 17. Qe3 Nh5 18. Kh2 f5 19. exf5 Qxf5 20. g4 Qf4+ 21. Qxf4 Nxf4 22. b3 Nd3 23. Ne4 Rf4 24. f3 Rcf8 25. Kg3 Nb4 26. a3 Nc2 27. Ra2 Nd4 28. Nd2 e4 29. Re1 Nxf3 30. Rxe4 R4f7 31. Re3 Ne5 32. b4 Rf2 33. c5 bxc5 34. bxc5 Nc4 35. Rd3 dxc5 36. Rc2 Nd6 37. Re3 c4 38. Rb2 c3 0-1

[Event "Zhukovsky Winter op"]
[Site "Zhukovsky"]
[Date "2014.??.??"]
[Round "5"]
[White "Kuznetsov, Yuriy"]
[Black "Orekhovsky, Viktor"]
[Result "1/2-1/2"]
[WhiteElo "1806"]
[BlackElo "2054"]
[PlyCount "77"]
[EventDate "2014.11.22"]
[EventType "swiss"]
[EventRounds "9"]
[EventCountry "RUS"]
[SourceTitle "EXT 2016"]
[Source "ChessBase"]
[SourceDate "2015.10.08"]
[SourceVersion "1"]
[SourceVersionDate "2015.10.08"]
[SourceQuality "1"]

1. d4 d5 2. c4 c6 3. cxd5 cxd5 4. Nc3 e6 5. Bf4 Bd6 6. Bxd6 Qxd6 7. a3 Nf6 8. e3 a6 9. Bd3 0-0 10. f4 b5 11. Nf3 Nbd7 12. Ne5 Nb6 13. 0-0 Bb7 14. Qe2 Ne4 15. Na2 f6 16. Nf3 Rac8 17. Rfc1 Nd7 18. Rxc8 Rxc8 19. Rc1 e5 20. Rxc8+ Bxc8 21. Qc2 Bb7 22. fxe5 fxe5 23. Nxe5 Nxe5 24. dxe5 Qxe5 25. Bxe4 dxe4 26. Qd2 h6 27. Nc1 Bd5 28. Ne2 Bc4 29. Nd4 Bd3 30. Qf2 Qc7 31. Qd2 Qf7 32. Qe1 g6 33. Qc1 Kg7 34. Qe1 Qc4 35. Kf2 Qf7+ 36. Kg1 Bc4 37. Qc1 h5 38. Qe1 Qf6 39. Qf2 1/2-1/2

[Event "Zhukovsky op 04"]
[Site "Zhukovsky"]
[Date "2014.??.??"]
[Round "8"]
[White "Nekrasov, Evgeniy"]
[Black "Orekhovsky, Viktor"]
[Result "1/2-1/2"]
[WhiteElo "1832"]
[BlackElo "2054"]
[PlyCount "33"]
[EventDate "2014.04.??"]
[EventType "swiss"]
[EventRounds "9"]
[EventCountry "RUS"]
[SourceTitle "EXT 2016"]
[Source "ChessBase"]
[SourceDate "2015.10.08"]
[SourceVersion "1"]
[SourceVersionDate "2015.10.08"]
[SourceQuality "1"]

1. b3 Nf6 2. Bb2 e6 3. e3 b6 4. Be2 Bb7 5. Bf3 Bxf3 6. Qxf3 Nc6 7. Ne2 Nb4 8. Na3 c5 9. 0-0 d5 10. Bxf6 Qxf6 11. Qxf6 gxf6 12. c4 Bg7 13. cxd5 Nxd5 14. Nc2 0-0 15. d4 Rac8 16. Rac1 f5 17. Rfd1 1/2-1/2

[Event "Zhukovsky Winter op"]
[Site "Zhukovsky"]
[Date "2014.??.??"]
[Round "3"]
[White "Novik, Eduard"]
[Black "Orekhovsky, Viktor"]
[Result "1/2-1/2"]
[WhiteElo "1698"]
[BlackElo "2054"]
[PlyCount "93"]
[EventDate "2014.11.22"]
[EventType "swiss"]
[EventRounds "9"]
[EventCountry "RUS"]
[SourceTitle "EXT 2016"]
[Source "ChessBase"]
[SourceDate "2015.10.08"]
[SourceVersion "1"]
[SourceVersionDate "2015.10.08"]
[SourceQuality "1"]

1. e4 e5 2. Nf3 Nc6 3. c4 Nf6 4. Nc3 Be7 5. d3 0-0 6. Nd5 d6 7. a3 a6 8. a4 a5 9. Be2 Nd7 10. Be3 f5 11. exf5 Rxf5 12. Nd2 Rf8 13. Ne4 Nf6 14. Nxe7+ Qxe7 15. Bg5 Nd4 16. Nxf6+ gxf6 17. Bh6 Rd8 18. 0-0 f5 19. Be3 Nxe2+ 20. Qxe2 f4 21. Bxf4 Qg7 22. Bg3 Bd7 23. Qe3 Bc6 24. f3 Rf8 25. b3 Rf5 26. Rad1 Re8 27. d4 e4 28. f4 d5 29. c5 Qg4 30. Bf2 Qxf4 31. Qxf4 Rxf4 32. Be3 Rxf1+ 33. Rxf1 Bd7 34. Bf4 Rc8 35. Bd2 b6 36. Rc1 Kf7 37. cxb6 cxb6 38. Rxc8 Bxc8 39. Bf4 Bg4 40. Bc7 Bd1 41. Bxb6 Bxb3 42. Bxa5 Bxa4 43. Kf2 Kf6 44. Ke3 Kf5 45. Bc7 Bb5 46. g3 Kg4 47. h4 1/2-1/2

[Event "Zhukovsky op 04"]
[Site "Zhukovsky"]
[Date "2014.??.??"]
[Round "5"]
[White "Orekhovsky, Viktor"]
[Black "Avetisyan, Aleksey"]
[Result "1-0"]
[WhiteElo "2054"]
[BlackElo "1997"]
[PlyCount "147"]
[EventDate "2014.04.??"]
[EventType "swiss"]
[EventRounds "9"]
[EventCountry "RUS"]
[SourceTitle "EXT 2016"]
[Source "ChessBase"]
[SourceDate "2015.10.08"]
[SourceVersion "1"]
[SourceVersionDate "2015.10.08"]
[SourceQuality "1"]

1. e4 d5 2. exd5 Qxd5 3. Nc3 Qd8 4. Nf3 Nf6 5. h3 c6 6. Bc4 Bf5 7. d3 e6 8. Bg5 h6 9. Bh4 Nbd7 10. a3 Bd6 11. Bxf6 Nxf6 12. 0-0 Qc7 13. Re1 Rd8 14. Qe2 0-0 15. Nd2 Nd5 16. Nce4 Be7 17. Rab1 Nf6 18. Ng3 Bg6 19. Nde4 Nd5 20. Qf3 Qf4 21. Qxf4 Nxf4 22. Rbd1 Rd7 23. Kf1 Rfd8 24. Ne2 Nd5 25. N2g3 h5 26. Rb1 Kf8 27. Nd2 h4 28. Nge4 f5 29. Nc3 Bf7 30. Nxd5 exd5 31. Ba2 Bf6 32. f4 Be7 33. Nf3 Bh5 34. Ne5 Rc7 35. d4 b6 36. Rbc1 g5 37. Nd3 Bf6 38. c3 Bf7 39. Rc2 c5 40. dxc5 bxc5 41. fxg5 Bxg5 42. Rf2 Bg6 43. Nf4 Bxf4 44. Rxf4 Rb7 45. Rxh4 Kg7 46. Re2 d4 47. cxd4 cxd4 48. Rd2 Rbd7 49. Rf4 Kh6 50. Be6 Kg5 51. g3 Rd6 52. h4+ Kf6 53. Bxf5 Bxf5 54. g4 Rd5 55. Rdf2 Ke5 56. Rxf5+ Ke4 57. Re2+ Kd3 58. Rf3+ Kc4 59. Rc2+ Kb5 60. Rb3+ Ka5 61. Rd3 Rf8+ 62. Kg2 Rf4 63. Kg3 Rf1 64. Rcd2 Rg1+ 65. Kf3 Rf1+ 66. Ke4 Rd8 67. Rxd4 Rh8 68. h5 Re8+ 69. Kd3 Rf3+ 70. Kc2 Rc8+ 71. Kb1 Rb8 72. g5 Rxa3 73. Rd5+ Ka6 74. Rd6+ 1-0

[Event "Zhukovsky Winter op"]
[Site "Zhukovsky"]
[Date "2014.??.??"]
[Round "2"]
[White "Orekhovsky, Viktor"]
[Black "Domnin, Vladimir"]
[Result "1/2-1/2"]
[WhiteElo "2054"]
[BlackElo "1885"]
[PlyCount "53"]
[EventDate "2014.11.22"]
[EventType "swiss"]
[EventRounds "9"]
[EventCountry "RUS"]
[SourceTitle "EXT 2016"]
[Source "ChessBase"]
[SourceDate "2015.10.08"]
[SourceVersion "1"]
[SourceVersionDate "2015.10.08"]
[SourceQuality "1"]

1. d4 e6 2. c4 Nf6 3. Nc3 d5 4. cxd5 exd5 5. Bg5 Be7 6. Nf3 Bg4 7. g3 0-0 8. Bg2 c6 9. 0-0 Qb6 10. Qb3 Qxb3 11. axb3 h6 12. Bf4 Na6 13. Ne5 Nb4 14. Nxg4 Nxg4 15. Bh3 Nf6 16. Bg2 Rfe8 17. e4 dxe4 18. Nxe4 Nxe4 19. Bxe4 Bf6 20. Bd2 Rxe4 21. Bxb4 Rxd4 22. Bc3 Rd3 23. Rfd1 Rad8 24. Rxd3 Rxd3 25. Rxa7 Bxc3 26. bxc3 Rxc3 27. Rxb7 1/2-1/2

[Event "Zhukovsky op 04"]
[Site "Zhukovsky"]
[Date "2014.??.??"]
[Round "7"]
[White "Orekhovsky, Viktor"]
[Black "Rusakov, Grigorij"]
[Result "0-1"]
[WhiteElo "2054"]
[BlackElo "2174"]
[PlyCount "42"]
[EventDate "2014.04.??"]
[EventType "swiss"]
[EventRounds "9"]
[EventCountry "RUS"]
[SourceTitle "EXT 2016"]
[Source "ChessBase"]
[SourceDate "2015.10.08"]
[SourceVersion "1"]
[SourceVersionDate "2015.10.08"]
[SourceQuality "1"]

1. e4 d5 2. exd5 Nf6 3. c4 c6 4. dxc6 Nxc6 5. Nf3 e5 6. d3 e4 7. Qe2 Bb4+ 8. Bd2 0-0 9. dxe4 Nxe4 10. Qd3 Qe7 11. Be2 Bf5 12. Qe3 Bc5 13. Qf4 Nxf2 14. Qxf5 Nxh1 15. Nc3 g6 16. Qf4 Nf2 17. Kf1 f5 18. Nd5 Qe4 19. Qg5 Rae8 20. Ng1 Ng4 21. Nf4 Qd4 0-1

[Event "Zhukovsky Winter op"]
[Site "Zhukovsky"]
[Date "2014.??.??"]
[Round "9"]
[White "Orekhovsky, Viktor"]
[Black "Yulchiev, Alimjan"]
[Result "1-0"]
[WhiteElo "2054"]
[BlackElo "1763"]
[PlyCount "65"]
[EventDate "2014.11.22"]
[EventType "swiss"]
[EventRounds "9"]
[EventCountry "RUS"]
[SourceTitle "EXT 2016"]
[Source "ChessBase"]
[SourceDate "2015.10.08"]
[SourceVersion "1"]
[SourceVersionDate "2015.10.08"]
[SourceQuality "1"]

1. e4 c5 2. Nf3 e6 3. d4 cxd4 4. Nxd4 Nc6 5. Be3 a6 6. c3 Qc7 7. Bd3 Nf6 8. 0-0 Be7 9. f4 d6 10. Nd2 Bd7 11. N2f3 b5 12. Qc2 Rc8 13. h3 0-0 14. Rae1 g6 15. f5 e5 16. Nxc6 Bxc6 17. Bh6 Rfe8 18. Qf2 Bd8 19. Kh1 Qb6 20. Qd2 Qb7 21. Ng5 Rc7 22. fxg6 hxg6 23. Rf2 Nh5 24. Kh2 Nf4 25. Bc2 Rd7 26. Bb3 Bc7 27. Nxf7 d5 28. Ng5 Kh8 29. exd5 Bxd5 30. g3 Nh5 31. Ref1 Rdd8 32. Bxd5 Rxd5 33. Rf8+ 1-0

[Event "Zhukovsky Winter op"]
[Site "Zhukovsky"]
[Date "2014.??.??"]
[Round "1"]
[White "Vatolin, Aleksey"]
[Black "Orekhovsky, Viktor"]
[Result "1-0"]
[WhiteElo "1773"]
[BlackElo "2054"]
[PlyCount "99"]
[EventDate "2014.11.22"]
[EventType "swiss"]
[EventRounds "9"]
[EventCountry "RUS"]
[SourceTitle "EXT 2016"]
[Source "ChessBase"]
[SourceDate "2015.10.08"]
[SourceVersion "1"]
[SourceVersionDate "2015.10.08"]
[SourceQuality "1"]

1. e4 e6 2. d4 d5 3. e5 c5 4. c3 Nc6 5. Nf3 a6 6. Be3 c4 7. b3 b5 8. a4 Na5 9. Nbd2 Bd7 10. b4 Nb7 11. a5 Ne7 12. Be2 Ng6 13. Ng1 Nh4 14. Bf3 Qe7 15. g3 Nxf3+ 16. Ngxf3 f6 17. Nh4 0-0-0 18. f4 Be8 19. Ndf3 Bh5 20. h3 h6 21. g4 Bf7 22. f5 Re8 23. Ng2 exf5 24. gxf5 Bh5 25. Nf4 fxe5 26. Nxd5 Qf7 27. Nb6+ Kb8 28. dxe5 Qxf5 29. Rf1 Rd8 30. Qb1 Qxh3 31. Qe4 Be7 32. Nd4 Qh4+ 33. Qxh4 Bxh4+ 34. Bf2 Bxf2+ 35. Rxf2 Be8 36. e6 g5 37. e7 Rxd4 38. cxd4 Rh7 39. Re2 Nd6 40. Nd5 Kc8 41. Ra3 Rf7 42. Rae3 Nf5 43. Nb6+ Kc7 44. Re5 Nxd4 45. Rc5+ Nc6 46. Re6 Kb7 47. Nd5 Nb8 48. Rb6+ Ka7 49. Rc7+ Ka8 50. Rcb7 1-0

[Event "Zhukovsky op"]
[Site "Zhukovsky"]
[Date "2012.04.??"]
[Round "4"]
[White "Ibragimov, Ali"]
[Black "Orekhovsky, Viktor"]
[Result "0-1"]
[WhiteElo "2064"]
[BlackElo "2061"]
[PlyCount "76"]
[EventDate "2012.04.??"]
[EventType "swiss"]
[EventRounds "9"]
[EventCountry "RUS"]
[SourceTitle "EXT 2014"]
[Source "ChessBase"]
[SourceDate "2013.11.20"]
[SourceVersion "1"]
[SourceVersionDate "2013.11.20"]
[SourceQuality "1"]

1. Nf3 Nf6 2. g3 d5 3. Bg2 Bf5 4. c4 c6 5. d4 Bxb1 6. Rxb1 Qa5+ 7. Bd2 Qxa2 8. cxd5 Qxd5 9. 0-0 e6 10. Qc2 Be7 11. Rfe1 Nbd7 12. Ra1 0-0 13. e4 Qb5 14. e5 Nd5 15. Bf1 Nb4 16. Bxb4 Qxb4 17. h4 Rfd8 18. Bd3 Nf8 19. Re4 Qb6 20. h5 h6 21. Rg4 Rac8 22. Qd2 Kh8 23. Qf4 f5 24. exf6 Bxf6 25. Ne5 Bxe5 26. Qxe5 Rd7 27. Qe4 Rcd8 28. Rf4 Kg8 29. Rxf8+ Kxf8 30. Qxe6 Qxd4 31. Bc4 Qf6 32. Qe3 a6 33. Re1 Re7 34. Qc5 Rd6 35. Rxe7 Qxe7 36. Qf5+ Rf6 37. Qc2 Qc5 38. Qd2 Qxc4 0-1

[Event "Zhukovsky op"]
[Site "Zhukovsky"]
[Date "2012.04.??"]
[Round "7"]
[White "Kazankov, Andrey"]
[Black "Orekhovsky, Viktor"]
[Result "1/2-1/2"]
[WhiteElo "2120"]
[BlackElo "2061"]
[PlyCount "59"]
[EventDate "2012.04.??"]
[EventType "swiss"]
[EventRounds "9"]
[EventCountry "RUS"]
[SourceTitle "EXT 2014"]
[Source "ChessBase"]
[SourceDate "2013.11.20"]
[SourceVersion "1"]
[SourceVersionDate "2013.11.20"]
[SourceQuality "1"]

1. d4 d5 2. c4 c6 3. Nf3 Nf6 4. e3 Bf5 5. Bd3 Bxd3 6. Qxd3 e6 7. 0-0 Nbd7 8. Nbd2 Be7 9. e4 dxe4 10. Nxe4 0-0 11. Bf4 Nxe4 12. Qxe4 Nf6 13. Qe5 Qb6 14. Rfe1 Rfd8 15. Bg5 h6 16. Bd2 Bd6 17. Qe2 Qxb2 18. Rab1 Qxa2 19. Rxb7 Rab8 20. Rxf7 Kxf7 21. Qxe6+ Kg6 22. Nh4+ Kh7 23. Qf5+ Kg8 24. Qe6+ Kh8 25. Bxh6 Re8 26. Bxg7+ Kxg7 27. Nf5+ Kg6 28. Nh4+ Kg7 29. Nf5+ Kg6 30. Nh4+ 1/2-1/2

[Event "Zhukovsky-A 02"]
[Site "Zhukovsky"]
[Date "2011.02.09"]
[Round "9"]
[White "Batalov, Vadim"]
[Black "Orekhovsky, Viktor"]
[Result "0-1"]
[WhiteElo "2088"]
[BlackElo "2029"]
[PlyCount "196"]
[EventDate "2011.02.09"]
[EventType "swiss"]
[EventRounds "9"]
[EventCountry "RUS"]
[SourceTitle "EXT 2022"]
[Source "ChessBase"]
[SourceDate "2021.10.06"]
[SourceVersion "1"]
[SourceVersionDate "2021.10.06"]
[SourceQuality "1"]

1. c4 c6 2. Nc3 Nf6 3. e3 d5 4. d4 e6 5. Nf3 Be7 6. Be2 0-0 7. 0-0 Qc7 8. b3 dxc4 9. Bxc4 Nd5 10. Ne4 Nd7 11. Bb2 N7f6 12. Ng3 c5 13. Rc1 Qa5 14. a4 cxd4 15. Bxd4 Rd8 16. Qe2 Nd7 17. e4 Nf4 18. Qe3 Ng6 19. Rfd1 Nde5 20. Nxe5 Nxe5 21. Bb5 Ng6 22. f4 Ba3 23. Ra1 Bb4 24. f5 exf5 25. exf5 Nf8 26. Kh1 Rxd4 27. Rxd4 Bc5 28. Rad1 Qb6 29. Qe5 Bxd4 30. Rxd4 a6 31. Bc4 Bd7 32. Qe7 Be8 33. Rd1 Rc8 34. Qg5 h6 35. Qg4 Rd8 36. Rf1 Qd4 37. Qe2 Nh7 38. Nh5 Nf6 39. Nf4 Ne4 40. Bd3 Bc6 41. Bc4 Re8 42. Qc2 Nd2 43. Ne2 Qg4 44. Rf2 Nxc4 45. bxc4 Re4 46. f6 gxf6 47. Qd2 Qg5 48. Qd3 h5 49. h3 Re3 50. Qd8+ Kg7 51. Nf4 Re1+ 52. Kh2 Qe5 53. h4 Kh7 54. Qf8 Qe7 55. Qc8 Qd7 56. Qf8 Re8 57. Qc5 Qg4 58. Qxh5+ Qxh5 59. Nxh5 Kg6 60. Nxf6 Re6 61. Nd5 Re4 62. Nb6 Rxh4+ 63. Kg3 Rd4 64. Rb2 Rd3+ 65. Kf4 Ra3 66. Kg4 f6 67. Kf4 Bxa4 68. Nxa4 Rxa4 69. Rxb7 Rxc4+ 70. Ke3 a5 71. Ra7 Ra4 72. Kf3 Kf5 73. Ra6 Ra3+ 74. Kf2 Kg5 75. Ra8 Kf4 76. g3+ Ke4 77. Re8+ Kf5 78. Ra8 a4 79. Ra7 Ra2+ 80. Kf3 a3 81. Ra5+ Kg6 82. Ra6 Ra1 83. Kf2 Kg5 84. Ra8 a2 85. Ra5+ f5 86. Kg2 Kf6 87. Ra6+ Ke5 88. Ra5+ Ke4 89. Ra4+ Kd3 90. Ra5 Kc3 91. Rxf5 Rb1 92. Ra5 a1Q 93. Rxa1 Rxa1 94. Kf3 Kd4 95. Kf4 Rf1+ 96. Kg5 Ke5 97. g4 Rh1 98. Kg6 Kf4 0-1

[Event "Zhukovsky-A 02"]
[Site "Zhukovsky"]
[Date "2011.02.09"]
[Round "5"]
[White "Rybakov, Sergey1111"]
[Black "Orekhovsky, Viktor"]
[Result "1/2-1/2"]
[WhiteElo "2180"]
[BlackElo "2029"]
[PlyCount "58"]
[EventDate "2011.02.09"]
[EventType "swiss"]
[EventRounds "9"]
[EventCountry "RUS"]
[SourceTitle "EXT 2022"]
[Source "ChessBase"]
[SourceDate "2021.10.06"]
[SourceVersion "1"]
[SourceVersionDate "2021.10.06"]
[SourceQuality "1"]

1. d4 d5 2. Bg5 h6 3. Bh4 c6 4. c3 Bg4 5. f3 Bh5 6. Qb3 Qb6 7. e4 Nd7 8. Nd2 e6 9. Ne2 dxe4 10. Nf4 Ngf6 11. Bxf6 Qxb3 12. axb3 Nxf6 13. g4 Bg6 14. Nxg6 fxg6 15. Nxe4 Be7 16. Bd3 Nd5 17. Ng3 Nf4 18. Be4 Kf7 19. Ne2 Bd6 20. Nxf4 Bxf4 21. Ke2 a6 22. b4 Rad8 23. Rad1 Rhe8 24. h4 g5 25. h5 Re7 26. Rd3 Red7 27. Rhd1 Ke7 28. Kf2 Kd6 29. Re1 Kc7 1/2-1/2

[Event "Zhukovsky-chA"]
[Site "Zhukovsky"]
[Date "2010.04.01"]
[Round "1"]
[White "Beliy, Gennady"]
[Black "Orekhovsky, Viktor"]
[Result "1/2-1/2"]
[WhiteElo "1901"]
[BlackElo "2032"]
[PlyCount "43"]
[EventDate "2010.04.01"]
[EventType "swiss"]
[EventRounds "9"]
[EventCountry "RUS"]
[SourceTitle "EXT 2022"]
[Source "ChessBase"]
[SourceDate "2021.10.06"]
[SourceVersion "1"]
[SourceVersionDate "2021.10.06"]
[SourceQuality "1"]

1. e4 c5 2. Nf3 Nf6 3. e5 Nd5 4. c4 Nb6 5. Nc3 g6 6. d4 cxd4 7. Nxd4 Bg7 8. f4 0-0 9. Bd3 Nc6 10. Nxc6 bxc6 11. 0-0 Bb7 12. Be3 d6 13. exd6 exd6 14. Rc1 d5 15. cxd5 Nxd5 16. Nxd5 Qxd5 17. Be2 Qxd1 18. Rfxd1 Rfd8 19. Rxd8+ Rxd8 20. Bxa7 Bxb2 21. Rd1 Rxd1+ 22. Bxd1 1/2-1/2

[Event "Zhukovsky-chA"]
[Site "Zhukovsky"]
[Date "2010.04.01"]
[Round "5"]
[White "Orekhovsky, Viktor"]
[Black "Batalov, Vadim"]
[Result "1-0"]
[WhiteElo "2032"]
[BlackElo "2090"]
[PlyCount "107"]
[EventDate "2010.04.01"]
[EventType "swiss"]
[EventRounds "9"]
[EventCountry "RUS"]
[SourceTitle "EXT 2022"]
[Source "ChessBase"]
[SourceDate "2021.10.06"]
[SourceVersion "1"]
[SourceVersionDate "2021.10.06"]
[SourceQuality "1"]

1. d4 e6 2. c4 Nf6 3. Nf3 c6 4. Bg5 Be7 5. e3 Qa5+ 6. Qd2 Bb4 7. Nc3 Ne4 8. Nxe4 Bxd2+ 9. Nfxd2 0-0 10. Be7 Re8 11. Bd6 b5 12. c5 Na6 13. Be2 Nb4 14. 0-0 Nd5 15. a3 f5 16. b4 Qd8 17. Ng3 a5 18. Bf3 Nf6 19. Nb3 axb4 20. axb4 Rxa1 21. Rxa1 Ng4 22. Bxg4 fxg4 23. Ne4 Qh4 24. Ra8 Qh5 25. Nbd2 Bb7 26. Ra7 Ba8 27. Rxd7 Qg6 28. Be5 h5 29. Nd6 Rf8 30. N2e4 h4 31. Rxg7+ Qxg7 32. Bxg7 Kxg7 33. Ng5 Rg8 34. Nxe6+ Kf6 35. Nf4 Rb8 36. e4 Bb7 37. e5+ Kg5 38. Ne6+ Kg6 39. f4 gxf3 40. gxf3 Bc8 41. Nf4+ Kg5 42. Ng2 h3 43. Ne3 Be6 44. Kf2 Kf4 45. Ne4 Ra8 46. Nc3 Ra3 47. Ne2+ Kg5 48. f4+ Kg6 49. Ng3 Bc8 50. f5+ Kg5 51. Kf3 Rb3 52. Ne4+ Kh5 53. e6 Rb2 54. e7 1-0

[Event "Zhukovsky-chA"]
[Site "Zhukovsky"]
[Date "2010.04.01"]
[Round "9"]
[White "Orekhovsky, Viktor"]
[Black "Orekhovsky, Vasily"]
[Result "0-1"]
[WhiteElo "2032"]
[BlackElo "2054"]
[PlyCount "58"]
[EventDate "2010.04.01"]
[EventType "swiss"]
[EventRounds "9"]
[EventCountry "RUS"]
[SourceTitle "EXT 2022"]
[Source "ChessBase"]
[SourceDate "2021.10.06"]
[SourceVersion "1"]
[SourceVersionDate "2021.10.06"]
[SourceQuality "1"]

1. e4 c5 2. Nf3 d6 3. d4 cxd4 4. Nxd4 Nf6 5. Bd3 e5 6. Ne2 d5 7. exd5 Nxd5 8. 0-0 Nc6 9. f4 Bc5+ 10. Kh1 0-0 11. Be4 Ne3 12. Bxe3 Bxe3 13. Bxc6 bxc6 14. fxe5 Ba6 15. Nbc3 Qb6 16. Rf3 Rad8 17. Qe1 Bd2 18. Qb1 Rfe8 19. Ng3 Rxe5 20. Nce4 c5 21. b3 Bb7 22. c4 Qe6 23. Rd3 Rxd3 24. Qxd3 Ba5 25. Nf2 Re3 26. Qf1 Bc7 27. Rd1 g6 28. Nd3 Qe7 29. Nf4 Qh4 0-1

[Event "Zhukovsky-chA"]
[Site "Zhukovsky"]
[Date "2010.04.01"]
[Round "6"]
[White "Vdovin, Dmitry"]
[Black "Orekhovsky, Viktor"]
[Result "1-0"]
[WhiteElo "2302"]
[BlackElo "2032"]
[PlyCount "119"]
[EventDate "2010.04.01"]
[EventType "swiss"]
[EventRounds "9"]
[EventCountry "RUS"]
[SourceTitle "EXT 2022"]
[Source "ChessBase"]
[SourceDate "2021.10.06"]
[SourceVersion "1"]
[SourceVersionDate "2021.10.06"]
[SourceQuality "1"]

1. e4 e5 2. Nf3 Nc6 3. Bb5 a6 4. Ba4 Nf6 5. d4 b5 6. Bb3 Nxd4 7. Nxd4 exd4 8. e5 Qe7 9. 0-0 Ng8 10. Bg5 Qxg5 11. Qf3 Bc5 12. Qxa8 Ne7 13. Qe4 0-0 14. f4 Qg4 15. h3 Qg3 16. Rf3 Qh4 17. Kh2 Ng6 18. c3 dxc3 19. Nxc3 d6 20. e6 fxe6 21. Bxe6+ Bxe6 22. Qxe6+ Kh8 23. Raf1 Qf6 24. Qxf6 gxf6 25. Re1 Kg7 26. Nd5 Rf7 27. b4 Bd4 28. Re4 c5 29. Re8 Ra7 30. f5 Be5+ 31. g3 Kf7 32. Rc8 Ne7 33. Nxe7 Kxe7 34. Rh8 Rd7 35. Rxh7+ Kd8 36. Rxd7+ Kxd7 37. Kg2 c4 38. Kf2 d5 39. Ke2 d4 40. h4 Bd6 41. a3 Be5 42. g4 d3+ 43. Kd2 Bb2 44. g5 Bxa3 45. Kc3 Bc1 46. g6 Ke8 47. Rf1 Bh6 48. Re1+ Kf8 49. Re4 Kg8 50. Re8+ Kg7 51. Re7+ Kg8 52. h5 Bf4 53. Re6 Be5+ 54. Rxe5 fxe5 55. f6 e4 56. Kd2 a5 57. h6 axb4 58. h7+ Kh8 59. f7 c3+ 60. Ke3 1-0

[Event "Zhukovsky op"]
[Site "Zhukovsky"]
[Date "2010.??.??"]
[Round "5"]
[White "Orekhovsky, Viktor"]
[Black "Chumurin, Aleksandr"]
[Result "1-0"]
[WhiteElo "2067"]
[BlackElo "1894"]
[PlyCount "105"]
[EventDate "2010.05.14"]
[EventType "swiss"]
[EventRounds "9"]
[EventCountry "RUS"]
[SourceTitle "EXT 2011"]
[Source "ChessBase"]
[SourceDate "2010.11.26"]
[SourceVersion "1"]
[SourceVersionDate "2010.11.26"]
[SourceQuality "1"]

1. e4 d6 2. d4 g6 3. f4 Bg7 4. Nf3 Nf6 5. Nc3 0-0 6. Be2 c5 7. dxc5 dxc5 8. Qxd8 Rxd8 9. 0-0 Nc6 10. e5 Nd5 11. Nxd5 Rxd5 12. Bc4 Rd8 13. Ng5 e6 14. Be3 b6 15. Ne4 Nb4 16. Bb3 Ba6 17. c4 Nd3 18. Rab1 Bh6 19. Nf6+ Kh8 20. Ng4 Bg7 21. Rfd1 Nb4 22. a3 Nc6 23. Ba4 Ne7 24. b3 Nf5 25. Bf2 h5 26. Nf6 Bxf6 27. exf6 Nd4 28. Bxd4 Rxd4 29. Rxd4 cxd4 30. Rd1 Rd8 31. Bc6 Rd6 32. Be4 Bc8 33. Kf2 Rd8 34. Ke2 Ba6 35. Kd2 b5 36. c5 b4 37. a4 e5 38. fxe5 Re8 39. Bd3 Bb7 40. Re1 Bxg2 41. Be4 Bh3 42. Bd5 Kg8 43. c6 Rd8 44. e6 Bxe6 45. Bxe6 fxe6 46. Rxe6 Kf7 47. c7 Rc8 48. Rc6 Ke8 49. Kd3 Kd7 50. Rc4 Ke6 51. Kxd4 Kxf6 52. Kd5 Ke7 53. Kc6 1-0

[Event "Zhukovsky Cup"]
[Site "Zhukovsky"]
[Date "2008.??.??"]
[Round "3"]
[White "Orekhovsky, Viktor"]
[Black "Kuznetsov, Mikhail"]
[Result "1/2-1/2"]
[WhiteElo "2078"]
[BlackElo "2107"]
[PlyCount "28"]
[EventDate "2008.04.21"]
[EventType "swiss"]
[EventRounds "9"]
[EventCountry "RUS"]
[SourceTitle "EXT 2022"]
[Source "ChessBase"]
[SourceDate "2021.10.06"]
[SourceVersion "1"]
[SourceVersionDate "2021.10.06"]
[SourceQuality "1"]

1. e4 e5 2. Nf3 Nc6 3. Bb5 a6 4. Ba4 Nf6 5. 0-0 d6 6. d3 Be7 7. Nc3 0-0 8. Bg5 b5 9. Bb3 h6 10. Bh4 Be6 11. Bxe6 fxe6 12. a4 bxa4 13. Nxa4 Nd7 14. Bxe7 Qxe7 1/2-1/2